Statistics for Surrounded Capital Cities

Click here to take the quiz!

General Stats

  • This quiz has been taken 37 times
  • The average score is 16 of 23

Answer Stats

CAPITAL CITY% Correct
Berlin
94%
Vienna
94%
Sarajevo
90%
Bern
87%
Belgrade
84%
Bratislava
84%
Vatican City
81%
Sofia
81%
San Marino
81%
Zagreb
81%
Prague
77%
Vaduz
77%
Warsaw
77%
Rome
77%
Skopje
74%
Pristina
68%
Luxembourg
65%
Ljubljana
65%
Podgorica
61%
Vilnius
58%
Saint George's
29%
Kampala
23%
Manama
19%

Score Distribution

Percentile by Number Answered

Percent of People with Each Score

Your Score History

You have not taken this quiz